03215nam a2200445 u 4500001000800000005001700008007001000025008004100035035001200076040001300088041000800101082000800109100004700117245022800164260004300392300001300435505024800448520132600696650003602022650002902058650003002087650003502117650002202152650003102174650003402205650002602239650002202265650003002287650003202317650007802349650002202427650004402449700004502493700004402538700008302582700003902665700004502704502001202749526000802761113366920260507085755.0co|||||||090326s2008 spa  a1133669 ccomduadb aspa 4a30210aCárdenas Jaimes, Yizeth Andrea4auteaut10aEvaluación del modelo de comunicación para el desarrollo implementado por la Alcaldía de Medellín durante el periodo 2004-2007 en la construcción de tres obras publicas ubicadas en la zona Nororiental de la ciudad aMedellín :b[sin publicador],c2008. a1 CD-ROM aCONTENIDO: Caso 1: Proyecto vivienda de interés social "Nuevo Sol de Oriente" en la quebrada Juan Bobo.-- Caso 2: Puente peatonal "El Mirador" en los barrios Andalucía, La Francia y Popular. -- Caso 3: Galería Urbana del Barrio Popular.3 aRESUMEN: "Esta investigación tiene como propósito general evaluar el modelo de comunicación implementado por la Alcaldía de Medellín en tres obras específicas de la zona Nororiental: Proyecto de Consolidación Habitacional Nuevo Sol de Oriente en la quebrada Juan Bobo, Puente Peatonal El Mirador en los barrios Andalucía y La Francia, y por último la Galería Urbana Pintando la Esperanza en el barrio Popular. La evaluación se basa en una metodología mixta con un enfoque altamente cualitativo evidenciado en el trabajo de campo realizado en la zona Nororiental, que consistió en entrevistas semiestructuradas y la aplicación de la técnica ASBI (Análisis Semántico basado en imágenes). El análisis de datos es contemplado desde una mirada etnográfica e interpretativa de la realidad. El estudio permite identificar la presencia o no de un modelo comunicativo en este tipo de intervenciones a partir de la percepción de sus habitantes y los cambios logrados a partir de una comunicación pública y para el desarrollo. De igual forma propone pautas de evaluación para la aplicación de futuros modelos o estrategias de comunicación en la ejecución de Proyectos Urbanos Integrales en la ciudad de Medellín, con aplicabilidad en otras ciudades dentro y fuera del país." aComunicacion para el desarrollo aComunicación pública aModelos de comunicación aZona Nororiental de Medellín aProyectos urbanos 7aPlanes de desarrollo2lemb aEstrategias de comunicación 7aCalidad de vida2lemb aEstado y sociedad aComunicación y sociedad aComunicación y política aEmpresa de Desarrollo Urbano (EDU) - Alcaldía - Municipio de Medellín 0aEtnometodología 7aComunicaciónxAspectos sociales2lemb10aGarcía García, Johan David4auteaut10aMarciglia Restrepo, Alejandro4auteaut10aDomínguez Gómez, Eduardo4ths0(isni)00000000431899240(viaf)24189253eths10aRivera Motato, Margarita4thseths10aGiraldo Castro, Carlos Augusto4thseths b119c13 a120